000 00304nam a22001337a 4500
008 170908b xxu||||| |||| 00| 0 eng d
020 _a9780486268965
041 _aeng
080 _a91
100 _a42
101 _aGJEO
245 _aCLAUDIUS PTOLEMY THE GEOGRAPHY
_cSTEVENSON, E.L
942 _2udc
_cBK
999 _c26857
_d26857